Central Library OPAC University of Rajshahi

Primeval : (Record no. 22287)

MARC details
000 -LEADER
fixed length control field 00793cam a22002417a 4500
001 - CONTROL NUMBER
control field 22287
003 - CONTROL NUMBER IDENTIFIER
rucl marc code BD-RjUL
005 - DATE AND TIME OF LATEST TRANSACTION
control field 20260205114925.0
008 - FIXED-LENGTH DATA ELEMENTS--GENERAL INFORMATION
fixed length control field 140308s1958 ii c 000 1 eng
035 ## - SYSTEM CONTROL NUMBER
System control number (BD-RjUL)22352
040 ## - CATALOGING SOURCE
Original cataloging agency DLC
Transcribing agency DLC
Modifying agency DLC
-- BD-RjUL
Language of cataloging eng
041 1# - LANGUAGE CODE
Language code of text/sound track or separate title engben
082 ## - DEWEY DECIMAL CLASSIFICATION NUMBER
Classification number 891.43
Author mark and year BAP 1958
100 1# - MAIN ENTRY--PERSONAL NAME
Personal name Bandopadhyay, Manik,
Dates associated with a name 1908-1956.
9 (RLIN) 68810
245 10 - TITLE STATEMENT
Title Primeval :
Remainder of title and other stories /
Statement of responsibility, etc. Manik Bandopadhyaya ; selected and edited by Debiprasad Chattopadhyaya ; with a foreword by Atul Chandra Gupta.
260 ## - PUBLICATION, DISTRIBUTION, ETC. (IMPRINT)
Place of publication, distribution, etc. New Delhi :
Name of publisher, distributor, etc. People's Pub. House,
Date of publication, distribution, etc. c1958.
300 ## - PHYSICAL DESCRIPTION
Pagination xi, 134 p. ;
Size 22 cm.
650 #0 - SUBJECT ADDED ENTRY--TOPICAL TERM
Topical term or geographic name as entry element Indic fiction.
9 (RLIN) 68811
700 1# - ADDED ENTRY--PERSONAL NAME
Personal name Chattopadhyaya, Debiprasad.
942 ## - ADDED ENTRY ELEMENTS (KOHA)
Source of classification or shelving scheme Dewey Decimal Classification
Koha item type Books
Holdings
Lost status Source of classification or shelving scheme Damaged status Not for loan Collection code Permanent Location Current Location Shelving location Date acquired Source of acquisition Cost, normal purchase price Total Checkouts Full call number Date last seen Copy number Koha item type
  Dewey Decimal Classification     Fiction Central Library, University of Rajshahi Central Library, University of Rajshahi   04/06/1965 Orientalea 2.50   891.43 BAP 1958 08/03/2014 C-2 Books
  Dewey Decimal Classification   Not For Loan Fiction Central Library, University of Rajshahi Central Library, University of Rajshahi Reading Room 04/06/1966   2.50   891.43 BAP 1958 05/02/2026 C-1 Books